Statistics for The France Quiz

Click here to take the quiz!

General Stats

  • This quiz has been taken 613 times
    (608 since last reset)
  • The average score is 6 of 10

Answer Stats

HintAnswer% Correct
The capital cityParis
99%
The currency pre EuroFrancs
85%
Highest mountainMont Blanc
80%
Year the Frence Revolution started1789
76%
Longest river completely within the countryRiver Loire
67%
French football team that Zlatan Ibrahimovic plays forParis Saint-Germain
61%
Westernmost region of mainland FranceBrittany
52%
Number of times the rugby union team has won the Six Nations outrightSixteen
44%
Last King of FranceLouis Philippe I
25%
Last Frenchman to win the Tour De FranceBernard Hinault
16%

Score Distribution

Percentile by Number Answered

Percent of People with Each Score

Your Score History

You have not taken this quiz since the last reset